Manual de instrumentación electrónica y biomédica
Guardat en:
| Autors principals: | , |
|---|---|
| Format: | Llibre |
| Idioma: | espanyol |
| Publicat: |
Ciudad de México
Universidad Autónoma Metropolitana
1997
|
| Matèries: | |
| Etiquetes: |
Afegir etiqueta
Sense etiquetes, Sigues el primer a etiquetar aquest registre!
|
MARC
| LEADER | 00000cam a2200000 a 4500 | ||
|---|---|---|---|
| 001 | UCG8512 | ||
| 003 | CL-VaPUC | ||
| 008 | 111212e19970000MX |||||||||||||||||spa|d | ||
| 020 | |a 9706541381 | ||
| 082 | 0 | 4 | |a 610.28 |b MUÑ |2 21 |
| 100 | |a Muñoz Gamboa, Caupolicán |e autor |9 756386 | ||
| 700 | 0 | |a Chárraga Meza, Teresa |e author |9 559573 | |
| 245 | 1 | 0 | |a Manual de instrumentación electrónica y biomédica |
| 300 | |a 333 p | ||
| 942 | |c BK | ||
| 945 | |d 20111212 00:00:00 |a dcastane | ||
| 260 | |a Ciudad de México |b Universidad Autónoma Metropolitana |c 1997 | ||
| 650 | 0 | |a Medicina |9 258507 | |
| 650 | 0 | |a Electrónica |9 263192 | |
| 650 | 0 | |a Instrumentos médicos |9 420250 | |
| 650 | 0 | |a Biosensores |9 420251 | |
| 583 | |a last modification |c 20111212 13:13:00 |k Rodrigo Vera | ||
| 999 | |c 346121 |d 346119 | ||
| 952 | |0 0 |1 0 |4 0 |6 610_280000000000000_MUÑ_1997 |7 0 |8 A |9 446616 |a BIBING |b BIBING |d 2019-11-22 |i 4813391 |o 610.28 MUÑ 1997 |p 4813391 |r 2025-01-20 |w 2019-11-22 |y BK |k EIE | ||